Central Library OPAC University of Rajshahi

Cell biology of general cytology / (Record no. 11109)

MARC details
000 -LEADER
fixed length control field 00896nam a2200265 a 4500
001 - CONTROL NUMBER
control field 11109
003 - CONTROL NUMBER IDENTIFIER
rucl marc code BD-RjUL
005 - DATE AND TIME OF LATEST TRANSACTION
control field 20211208235055.0
008 - FIXED-LENGTH DATA ELEMENTS--GENERAL INFORMATION
fixed length control field 170513s1965 paua 001 0 eng d
035 ## - SYSTEM CONTROL NUMBER
System control number (BD-RjUL)11158
040 ## - CATALOGING SOURCE
Original cataloging agency BD-RjUL
Language of cataloging eng
Transcribing agency BD-RjUL
Modifying agency BD-RjUL
041 1# - LANGUAGE CODE
Language code of text/sound track or separate title eng
082 ## - DEWEY DECIMAL CLASSIFICATION NUMBER
Classification number 571.6
Author mark and year DEC 1965
Edition number 23
100 1# - MAIN ENTRY--PERSONAL NAME
Personal name De Robertis, Eduardo D. P.
Dates associated with a name 1913-
9 (RLIN) 34351
245 10 - TITLE STATEMENT
Title Cell biology of general cytology /
Statement of responsibility, etc. E.D.P. de Robertis, Wiktor W. Nowinski, Francisco A. Saez
250 ## - EDITION STATEMENT
Edition statement 4th ed.
260 ## - PUBLICATION, DISTRIBUTION, ETC. (IMPRINT)
Place of publication, distribution, etc. Philadelphia ;
-- London :
Name of publisher, distributor, etc. Saunders,
Date of publication, distribution, etc. c1965 [reprinted 1968]
300 ## - PHYSICAL DESCRIPTION
Pagination xvii, 446 p. :
Illustrations ill. ;
Size 26 cm
504 ## - BIBLIOGRAPHY, ETC. NOTE
Bibliography, etc Includes bibliographical references and index
650 #0 - SUBJECT ADDED ENTRY--TOPICAL TERM
Topical term or geographic name as entry element Cell biology
9 (RLIN) 34352
Topical term or geographic name as entry element Cytology
9 (RLIN) 213046
700 1# - ADDED ENTRY--PERSONAL NAME
Personal name Nowinski, Wiktor W.
Personal name Saez, Francisco A.
Fuller form of name (Francisco Alberto),
Dates associated with a name 1898-1976.
942 ## - ADDED ENTRY ELEMENTS (KOHA)
Source of classification or shelving scheme Dewey Decimal Classification
Koha item type Books
Holdings
Lost status Source of classification or shelving scheme Damaged status Not for loan Collection code Permanent Location Current Location Shelving location Date acquired Source of acquisition Cost, normal purchase price Total Checkouts Full call number Date last seen Copy number Koha item type Date checked out
  Dewey Decimal Classification   Not For Loan Non-fiction Central Library, University of Rajshahi Central Library, University of Rajshahi Reading Room 13/04/1968 Zeitlinger 100.00   571.6 DEC 1965 26/01/2014 C-1 Books  
  Dewey Decimal Classification     Non-fiction Central Library, University of Rajshahi Central Library, University of Rajshahi   13/04/1968 Zeitlinger 100.00   571.6 DEC 1966 20/05/2017 C-2 Books  
  Dewey Decimal Classification     Non-fiction Central Library, University of Rajshahi Central Library, University of Rajshahi   25/03/1966 Zeitlinger 84.00   571.6 DEC 1965 20/05/2017 C-3 Books  
  Dewey Decimal Classification     Non-fiction Central Library, University of Rajshahi Central Library, University of Rajshahi   31/10/1970 Sweets & Zeitlinger 89.00   571.6 DEC 1968 20/05/2017 C-4 Books  
  Dewey Decimal Classification     Non-fiction Central Library, University of Rajshahi Central Library, University of Rajshahi   31/10/1970 Sweets & Zeitlinger 89.00 1 571.6 DEC 1968 07/03/2019 C-5 Books 05/03/2019